000 00505nam a2200181Ia 4500
001 25450
005 20260414151151.0
008 260414t2021||||xx |||||||||||||| ||spa||
041 _aESP
082 _a346.5
_bU831
100 _aUgarte Mostajo, Daniel L.
_eAUT
245 0 _aDerecho de contratos :
_bPerspectivas actuales: armonización y principios, incumplimiento y remedios
260 _c2021
300 _a797 pƔginas :
_c21 cm.
650 _aDER
654 _aCDE
942 _cLIB
_dJUS
_fJUS
_2ddc
_n
999 _c25450
_d25450